000
00212 a2200085 4500
020
_a
9780977339983
100
_a
Linanne G. Sackett
245
_a
Woodstock Story Book
260
_b
Channel Photographics/Brunswic
_c
2009
999
_c
13266
_d
13266